[Event "Wiesbaden op 31st"]
[Site "Wiesbaden"]
[Date "2019.08.25"]
[Round "6"]
[White "Jess, Geralf"]
[Black "Spiegel, Nina"]
[Result "1-0"]
[WhiteElo "1729"]
[BlackElo "1593"]
[PlyCount "133"]
[EventDate "2019.08.22"]
[EventType "swiss"]
[EventRounds "7"]
[EventCountry "GER"]
[SourceTitle "EXT 2020"]
[Source "ChessBase"]
[SourceDate "2019.10.17"]
[SourceVersion "1"]
[SourceVersionDate "2019.10.17"]
[SourceQuality "1"]

1. e4 e5 2. Nf3 Nc6 3. Bc4 Bc5 4. c3 Nf6 5. d4 exd4 6. cxd4 Bb4+ 7. Nc3 Nxe4 8. 0-0 Bxc3 9. bxc3 d5 10. Bd3 0-0 11. Qc2 Re8 12. Bf4 Bf5 13. Ne5 Nxe5 14. Bxe5 c5 15. f3 c4 16. fxe4 cxd3 17. Qb3 Bxe4 18. Qxb7 Re7 19. Qb2 Qd7 20. Qd2 f6 21. Bg3 Rae8 22. Rfe1 Qg4 23. Qf4 Qc8 24. Qd2 Qg4 25. Rab1 h5 26. Rb8 Rxb8 27. Bxb8 h4 28. h3 Qc8 29. Bd6 Rb7 30. Bb4 Qf5 31. a4 a6 32. a5 Qg6 33. Rf1 Rf7 34. Rf2 Kh7 35. Bd6 Rb7 36. Bb4 Rf7 37. Rf4 Qg5 38. Qf2 Kg8 39. Kf1 Qg3 40. Rxh4 Qxf2+ 41. Kxf2 g5 42. Rg4 Kh7 43. Rg3 Kg6 44. h4 Rh7 45. hxg5 fxg5 46. Ke3 Kf5 47. Rh3 Rf7 48. Rh6 Kg4 49. Rxa6 Bxg2 50. Re6 Rf3+ 51. Kd2 Bf1 52. a6 Rf2+ 53. Kc1 d2+ 54. Kd1 Bxa6 55. Rxa6 Kf5 56. Be7 Rg2 57. Rf6+ Ke4 58. Kc2 Ke3 59. Re6+ Kf4 60. Re5 g4 61. Rxd5 g3 62. Bg5+ Ke4 63. Re5+ Kf3 64. Bxd2 Kg4 65. Kd3 Rf2 66. Be3 Kh3 67. Bxf2 1-0

[Event "Hofheim Spring op-B 6th"]
[Site "Hofheim"]
[Date "2018.04.07"]
[Round "9"]
[White "Eg, Karlheinz"]
[Black "Jess, Geralf"]
[Result "1-0"]
[WhiteElo "1884"]
[BlackElo "1693"]
[PlyCount "67"]
[EventDate "2018.04.03"]
[EventType "swiss"]
[EventRounds "9"]
[EventCountry "GER"]
[SourceTitle "EXT 2020"]
[Source "ChessBase"]
[SourceDate "2019.10.17"]
[SourceVersion "1"]
[SourceVersionDate "2019.10.17"]
[SourceQuality "1"]

1. e4 d5 2. exd5 Qxd5 3. Nf3 Nf6 4. d4 Bg4 5. Be2 c6 6. 0-0 e6 7. c4 Qa5 8. Bd2 Qc7 9. Nc3 Nbd7 10. d5 Bd6 11. h3 Bh5 12. dxe6 fxe6 13. Ng5 Bf7 14. Nxf7 Kxf7 15. Qc2 Ke7 16. Rfe1 Rae8 17. Rad1 Kd8 18. Qa4 a6 19. b4 Kc8 20. b5 Nc5 21. Qc2 a5 22. bxc6 Qxc6 23. Bf3 Qa6 24. Nb5 Rd8 25. Rb1 e5 26. Qf5+ Nfd7 27. Be3 g6 28. Qc2 Bb8 29. Red1 Qf6 30. Bxc5 Nxc5 31. Bg4+ Ne6 32. Qe4 Rxd1+ 33. Rxd1 h5 34. Qd5 1-0

[Event "Hofheim Spring op-B 6th"]
[Site "Hofheim"]
[Date "2018.04.05"]
[Round "5"]
[White "Jess, Geralf"]
[Black "Wachsmann, Elmar"]
[Result "1-0"]
[WhiteElo "1693"]
[BlackElo "1618"]
[PlyCount "43"]
[EventDate "2018.04.03"]
[EventType "swiss"]
[EventRounds "9"]
[EventCountry "GER"]
[SourceTitle "EXT 2020"]
[Source "ChessBase"]
[SourceDate "2019.10.17"]
[SourceVersion "1"]
[SourceVersionDate "2019.10.17"]
[SourceQuality "1"]

1. e4 e5 2. Nf3 Nc6 3. Bc4 Nf6 4. Ng5 d5 5. exd5 Na5 6. Bb5+ c6 7. dxc6 bxc6 8. Bd3 Nd5 9. Ne4 f5 10. Ng3 g6 11. 0-0 Qf6 12. Nc3 Bd6 13. Nxd5 cxd5 14. Bb5+ Kf7 15. d3 a6 16. Ba4 f4 17. Bd2 Nb7 18. Bc6 Kg7 19. Bxd5 Rb8 20. Ne4 Qe7 21. Bc3 h5 22. Re1 1-0

[Event "Hofheim Spring op-B 4th"]
[Site "Hofheim"]
[Date "2016.04.02"]
[Round "8"]
[White "Kube, Jens"]
[Black "Jess, Geralf"]
[Result "1-0"]
[WhiteElo "1854"]
[BlackElo "1713"]
[PlyCount "47"]
[EventDate "2016.03.30"]
[EventType "swiss"]
[EventRounds "9"]
[EventCountry "GER"]
[SourceTitle "EXT 2018"]
[Source "ChessBase"]
[SourceDate "2017.10.13"]
[SourceVersion "1"]
[SourceVersionDate "2017.10.13"]
[SourceQuality "1"]

1. e4 c5 2. d4 cxd4 3. c3 dxc3 4. Nxc3 a6 5. Bc4 e6 6. a4 Nc6 7. Nf3 Bc5 8. 0-0 Nge7 9. Bg5 0-0 10. e5 Qc7 11. Bxe7 Nxe7 12. Ba2 Nc6 13. Ne4 Nxe5 14. Rc1 Nxf3+ 15. Qxf3 b6 16. b4 Bb7 17. bxc5 f5 18. Qg3 f4 19. Qd3 f3 20. g3 Qe5 21. Rfe1 Rad8 22. Nd6 Qh5 23. Nxb7 Qh3 24. Qf1 1-0

[Event "Hofheim Spring op-B 3rd"]
[Site "Hofheim"]
[Date "2015.04.11"]
[Round "8"]
[White "Jess, Geralf"]
[Black "Kaulbars, Pascal"]
[Result "0-1"]
[WhiteElo "1724"]
[BlackElo "1612"]
[PlyCount "30"]
[EventDate "2015.04.07"]
[EventType "swiss"]
[EventRounds "9"]
[EventCountry "GER"]
[SourceTitle "CBM 166 Extra"]
[Source "ChessBase"]
[SourceDate "2015.06.18"]
[SourceVersion "1"]
[SourceVersionDate "2015.06.18"]
[SourceQuality "1"]

1. e4 e6 2. Nc3 d5 3. d4 Bb4 4. e5 Ne7 5. Bd3 0-0 6. Bg5 c5 7. Qg4 cxd4 8. Bf6 g6 9. Qg5 Nd7 10. a3 Nxf6 11. exf6 Bxc3+ 12. bxc3 Nf5 13. Bxf5 exf5 14. 0-0-0 dxc3 15. Rxd5 Qxd5 0-1

[Event "Hofheim Spring op-B 3rd"]
[Site "Hofheim"]
[Date "2015.04.09"]
[Round "5"]
[White "Koller, Wolfgang"]
[Black "Jess, Geralf"]
[Result "0-1"]
[WhiteElo "1629"]
[BlackElo "1724"]
[PlyCount "44"]
[EventDate "2015.04.07"]
[EventType "swiss"]
[EventRounds "9"]
[EventCountry "GER"]
[SourceTitle "CBM 166 Extra"]
[Source "ChessBase"]
[SourceDate "2015.06.18"]
[SourceVersion "1"]
[SourceVersionDate "2015.06.18"]
[SourceQuality "1"]

1. e4 e5 2. Nc3 Nf6 3. f4 d6 4. Nf3 exf4 5. d4 Nh5 6. Bc4 Be6 7. d5 Bg4 8. 0-0 g5 9. h3 Bxf3 10. Qxf3 Nf6 11. b3 Nbd7 12. Bb5 a6 13. Bxd7+ Nxd7 14. Bb2 Bg7 15. Rae1 Ne5 16. Qh5 h6 17. Nd1 Qe7 18. Nf2 0-0-0 19. Nd3 Nxd3 20. Bxg7 Nxe1 21. Bxh8 Qxe4 22. Qg4+ f5 0-1

[Event "Karl Mala Memorial op-A 17th"]
[Site "Frankfurt"]
[Date "2014.08.01"]
[Round "3"]
[White "Jess, Geralf"]
[Black "Haftmann, Rainer"]
[Result "1/2-1/2"]
[WhiteElo "1721"]
[BlackElo "1920"]
[PlyCount "111"]
[EventDate "2014.07.31"]
[EventType "swiss"]
[EventRounds "7"]
[EventCountry "GER"]
[SourceTitle "EXT 2015"]
[Source "ChessBase"]
[SourceDate "2014.11.20"]
[SourceVersion "1"]
[SourceVersionDate "2014.11.20"]
[SourceQuality "1"]

1. e4 e5 2. Nf3 Nc6 3. Bc4 Be7 4. d4 d6 5. d5 Nb8 6. Nc3 a6 7. Be3 Bg4 8. 0-0 Nf6 9. a4 0-0 10. b4 b6 11. Be2 Ne8 12. h3 Bxf3 13. Bxf3 Bg5 14. Qd2 Bxe3 15. Qxe3 g6 16. Bg4 Ng7 17. f4 f5 18. Be2 Nd7 19. Qg3 exf4 20. Rxf4 Ne5 21. Raf1 g5 22. R4f2 f4 23. Qh2 Qe7 24. g3 Ng6 25. Bf3 Qe5 26. Ne2 fxg3 27. Qxg3 Rf6 28. Qxe5 Nxe5 29. Bg4 Rxf2 30. Rxf2 Rf8 31. Rxf8+ Kxf8 32. Bc8 a5 33. bxa5 bxa5 34. Nd4 Ke7 35. Ba6 Ne8 36. Kf2 Nf6 37. Bd3 Ned7 38. Nc6+ Kf8 39. Nxa5 Nc5 40. Bb5 Nfxe4+ 41. Kf3 Nc3 42. Nc6 N5xa4 43. Bxa4 Nxa4 44. Nd8 Ke7 45. Ne6 h6 46. Nxc7 Nc3 47. Kg4 Kd7 48. Na6 Nxd5 49. Kh5 Nf4+ 50. Kxh6 Nxh3 51. Kh5 Kc6 52. Kg4 Nf4 53. Kxg5 Nd5 54. Nb8+ Kc7 55. Na6+ Kb6 56. Kf5 1/2-1/2

[Event "Frankfurt-chA"]
[Site "Frankfurt"]
[Date "2014.06.02"]
[Round "6"]
[White "Jess, Geralf"]
[Black "Gelfenbaum, Daniel"]
[Result "1-0"]
[WhiteElo "1611"]
[BlackElo "1510"]
[PlyCount "63"]
[EventDate "2014.04.28"]
[EventType "swiss"]
[EventRounds "7"]
[EventCountry "GER"]
[SourceTitle "EXT 2015"]
[Source "ChessBase"]
[SourceDate "2014.11.20"]
[SourceVersion "1"]
[SourceVersionDate "2014.11.20"]
[SourceQuality "1"]

1. e4 c6 2. d4 d5 3. e5 Bf5 4. Nf3 e6 5. a3 c5 6. Nc3 Nc6 7. Bb5 a6 8. Bxc6+ bxc6 9. 0-0 Qc7 10. Bf4 Ne7 11. Nh4 cxd4 12. Nxf5 Nxf5 13. Ne2 c5 14. Qd3 Qb6 15. Rfb1 Rb8 16. b4 Be7 17. bxc5 Qxb1+ 18. Rxb1 Rxb1+ 19. Bc1 Bxc5 20. g3 0-0 21. Qxa6 Rfb8 22. Kg2 R1b6 23. Qa7 Rb5 24. Qc7 h6 25. a4 Rb4 26. Qxc5 Rxa4 27. Ba3 Rc4 28. Qa7 Rbc8 29. Bd6 Rxc2 30. Nxd4 Nxd4 31. Qxd4 R2c4 32. Qb6 1-0

[Event "Frankfurt-chA"]
[Site "Frankfurt"]
[Date "2014.05.12"]
[Round "3"]
[White "Mosig, Rainer"]
[Black "Jess, Geralf"]
[Result "1-0"]
[WhiteElo "1854"]
[BlackElo "1611"]
[PlyCount "71"]
[EventDate "2014.04.28"]
[EventType "swiss"]
[EventRounds "7"]
[EventCountry "GER"]
[SourceTitle "EXT 2015"]
[Source "ChessBase"]
[SourceDate "2014.11.20"]
[SourceVersion "1"]
[SourceVersionDate "2014.11.20"]
[SourceQuality "1"]

1. d4 d5 2. Nf3 Nf6 3. c4 dxc4 4. Nc3 Bf5 5. Nh4 Bd7 6. a4 e6 7. Nf3 Nc6 8. e4 Bb4 9. Qc2 Bc8 10. Be3 Ng4 11. Bxc4 e5 12. Rd1 exd4 13. 0-0 Nge5 14. Nxe5 Nxe5 15. Rxd4 Bd6 16. Be2 Be6 17. f4 Nc6 18. Bb5 Qh4 19. Nd5 0-0 20. Bxc6 bxc6 21. Qxc6 Bxd5 22. Rxd5 Qe7 23. e5 Rfd8 24. Rfd1 a5 25. Bf2 Bb4 26. Rd7 Qe8 27. Qxc7 Rdc8 28. Qb7 Rab8 29. Qd5 h6 30. f5 Be7 31. e6 f6 32. Qxa5 Rxb2 33. Qa7 Rcc2 34. Rxe7 Qxe7 35. Qxe7 Rxf2 36. Qe8+ 1-0

[Event "Karl Mala Memorial op-B 16th"]
[Site "Frankfurt"]
[Date "2013.07.13"]
[Round "5"]
[White "Jess, Geralf"]
[Black "Poetsch, Leonore"]
[Result "1/2-1/2"]
[WhiteElo "1758"]
[BlackElo "1468"]
[PlyCount "136"]
[EventDate "2013.07.11"]
[EventType "swiss"]
[EventRounds "7"]
[EventCountry "GER"]
[SourceTitle "CBM 155 Extra"]
[Source "ChessBase"]
[SourceDate "2013.08.26"]
[SourceVersion "1"]
[SourceVersionDate "2013.08.26"]
[SourceQuality "1"]

1. e4 e6 2. d4 d5 3. exd5 exd5 4. Nc3 c6 5. Nf3 Bd6 6. Bd3 Ne7 7. 0-0 Bf5 8. Bg5 f6 9. Bh4 Bxd3 10. Qxd3 0-0 11. Nd2 Qc7 12. Bg3 Ng6 13. Bxd6 Qxd6 14. Rae1 Nd7 15. Ne2 Rae8 16. Ng3 Qb4 17. a3 Qd6 18. Nf3 Nb6 19. Nf5 Qd7 20. g3 Nc4 21. Rb1 Re4 22. N5h4 Nxh4 23. Nxh4 Rfe8 24. a4 Re2 25. Nf3 Qh3 26. Nh4 Nd2 27. Rbd1 Nxf1 28. Rxf1 Re1 29. Nf3 Rxf1+ 30. Qxf1 Qxf1+ 31. Kxf1 g5 32. h3 Kg7 33. Nd2 Rc8 34. Ke2 Kf7 35. Nb3 b6 36. Nc1 c5 37. dxc5 bxc5 38. Nd3 Ke6 39. Ke3 f5 40. c3 a5 41. Kd2 h5 42. f4 c4 43. Ne5 gxf4 44. gxf4 Rg8 45. Nc6 Rg3 46. Nxa5 Rxh3 47. Nc6 Rd3+ 48. Ke2 h4 49. Nd4+ Kf6 50. Nf3 h3 51. a5 d4 52. cxd4 Rxd4 53. Ke3 Rd6 54. Kf2 Ra6 55. Nd2 Rxa5 56. Kg3 Rc5 57. Kxh3 Ke6 58. Kh4 Kd5 59. Kg5 Kd4 60. Nf3+ Kd3 61. Ne5+ Kc2 62. Nxc4 Rxc4 63. Kxf5 Kxb2 64. Kg5 Rc1 65. f5 Rg1+ 66. Kh6 Rf1 67. Kg6 Kc3 68. f6 Kd4 1/2-1/2

[Event "Karl Mala Memorial op-B 16th"]
[Site "Frankfurt"]
[Date "2013.07.11"]
[Round "1"]
[White "Peteani, Damien"]
[Black "Jess, Geralf"]
[Result "0-1"]
[WhiteElo "1440"]
[BlackElo "1758"]
[PlyCount "58"]
[EventDate "2013.07.11"]
[EventType "swiss"]
[EventRounds "7"]
[EventCountry "GER"]
[SourceTitle "CBM 155 Extra"]
[Source "ChessBase"]
[SourceDate "2013.08.26"]
[SourceVersion "1"]
[SourceVersionDate "2013.08.26"]
[SourceQuality "1"]

1. e4 e5 2. Nf3 Nc6 3. Bc4 d6 4. 0-0 Be7 5. c3 Nf6 6. d3 0-0 7. Nbd2 Na5 8. h3 Nxc4 9. Nxc4 Be6 10. Re1 Bxc4 11. dxc4 Nd7 12. b4 f5 13. Qd5+ Kh8 14. exf5 Rb8 15. Qd3 b6 16. Be3 Nf6 17. Ng5 Qc8 18. Ne6 Rf7 19. g4 Nd7 20. g5 Nf8 21. g6 Rf6 22. gxh7 Nxe6 23. fxe6 Qxe6 24. Kg2 Rbf8 25. Qe4 Rf5 26. b5 Bg5 27. Re2 Bxe3 28. fxe3 Qg6+ 29. Qg4 Rg5 0-1